Statistics for Minecraft Items by Picture #3

Click here to take the quiz!

General Stats

  • This quiz has been taken 37 times
  • The average score is 18 of 20

Answer Stats

Answer% Correct
Apple
100%
Paper
100%
Saddle
100%
Diamond Hoe
97%
Flint and Steel
97%
Clock
94%
Glass Bottle
94%
Name Tag
94%
Netherite Sword
94%
Purple Dye
94%
Trident
94%
Elytra
90%
Copper Ingot
87%
Golden Leggings
84%
Heart of the Sea
81%
Raw Porkchop
81%
Glowstone Dust
77%
Beetroot Soup
74%
Phantom Membrane
74%
Cocoa Beans
65%

Score Distribution

Percentile by Number Answered

Percent of People with Each Score

Your Score History

You have not taken this quiz